000 00589nam a2200145 a 4500
008 101228s2010 ||||||||||||||||| || u
050 _aZWMA(02)
110 _aZambia Weights and Measures Agency (ZWMA)
245 1 0 _aZambia Weights and Measures Agency (ZW&MA)
260 _aLusaka
_bZambia Weights and Measures Agency (ZWMA)
_c2010
300 _a11p.:ill.
350 _a0.00
650 _aZAMBIA WEIGHTS AND MEASURES AGENCY (ZWMA)
995 _D0.00
_FCBU-MAIN LIBRARY (Kitwe)
_H1
_I0.00
_M1
_UAVAILABLE
_WDec 30, 2010
_ZZambiana Collection
999 _c62412
_d62412